| 000 | 00414cam a22001097a 4500 | ||
|---|---|---|---|
| 008 | 180718b1961 xxu||||| |||| 00| 0 eng d | ||
| 082 | _aLx54 In2f/61m/GUJA. | ||
| 245 |
_aMemorandum to the third finance commission regarding distribution of divisble central taxes _cby Finance Department, Gujarat |
||
| 260 |
_aAhmedabad _bThe Government Central Press _c1961 |
||
| 300 | _a165+p. | ||
| 700 | _aGujarat. Finance Department | ||
| 999 |
_c500189 _d500189 |
||